003870000a2200121000450024500830000065000250008365000250010865000240013304100130015770000210017010000230019177300510021410aPlant responses to water deficits, water-use efficiency and drought registance14aFisiología vegetal14aBioquímica vegetal14aMetabolismo vegetal0 aInglés1 aAcevedo, Edmundo1 aHslao, Theodore C.1 tAgricultural Meteorology3612h14q58-81d1974